Szczegóły MARC21

Gedichte ; Buch Suleika : eine Auswahl /

001 -Numer kontrolny rekordu [,]
    • @
    • pole kontrolne
    • xx001356963
003 -Nazwa instytucji [,]
    • @
    • pole kontrolne
    • NUKAT
005 -Data i czas ostatniej zmiany [,]
    • @
    • Data ostatniej zmiany
    • 20241231112411.0
007 -Forma fizyczna dokumentu dźwiękowego [,]
    • @
    • Forma fizyczna dokumentu dźwiękowego
    • sd fsngnn|||ed
008 -Pole stałej długości [,]
    • @
    • pole
    • 090522s1999 gw nnnng fi f n ger c
020 -Międzynarodowy znormalizowany numer książki - ISBN [ , ]
    • a
    • Numer ISBN
    • 382910703X Find
028 -Oznaczenie katalogowe dokumentu dźwiękowego [0,1]
    • a
    • Oznaczenie katalogowe
    • 459 920-2
    • b
    • Nazwa wydawcy
    • Deutsche Grammophon
033 -Data/czas zdarzenia [2,0]
    • a
    • Sformatowana data/czas
    • 1957----
    • a
    • Sformatowana data/czas
    • 1959----
035 -Inne numery kontrolne [ , ]
    • a
    • Numer kontrolny
    • (OCoLC)1424273685
040 -Instytucja sporządzająca opis [ , ]
    • c
    • Instytucja, która sporządziła rekord (NP)
    • OLSZT 003/bak
041 -Język dokumentu [0, ]
    • d
    • Język śpiewanego lub mówionego tekstu nagrania (NP)
    • ger
    • g
    • Język materiału towarzyszącego innego niż libretto (P)
    • ger
920 -ISBN [ , ]
    • a
    • ISBN
    • 3-8291-0703-X Find
942 -Rodzaj dokumentu [ , ]
    • c
    • Rodzaj dokumentu
    • Dokument Dźwiękowy - płyta
100 -Hasło główne - nazwa osobowa [1, ]
    • a
    • Nazwa osobowa (NP)
    • Goethe, Johann Wolfgang von
    • d
    • Daty biograficzne (NP)
    • (1749-1832).
245 -Strefa tytułu i oznaczenia odpowiedzialności [1,0]
    • a
    • Tytuł
    • Gedichte ;
    • b
    • Ciąg dalszy tytułu (NP)
    • Buch Suleika : eine Auswahl /
    • c
    • Pozostałe elementy strefy tytułu i oznaczenia odpowiedzialności (NP)
    • Johann Wolfgang von Goethe ; gesprochen von Will Quadflieg, Maria Becker.
260 -Strefa adresu wydawniczego [ , ]
    • a
    • Miejsce wydania (P)
    • Hamburg :
    • b
    • Nazwa wydawcy (P)
    • Deutsche Grammophon,
    • c
    • Data wydania (P)
    • 1999.
300 -Strefa opisu fizycznego [ , ]
    • a
    • Określenie formy książki i/lub objętość (NP)
    • 2 płyty CD (138 min 39 s) :
    • b
    • Inne szczegóły opisu fizycznego (NP)
    • digital, stereo ;
    • c
    • Format (NP)
    • 12 cm +
    • e
    • Oznaczenie dokumentu towarzyszącego (NP)
    • Dod. druk.: [16] s.
306 -Czas nagrania [ , ]
    • a
    • Czas nagrania
    • 021839
336 -Typ zawartości [ , ]
    • a
    • Termin określający typ nośnika
    • Słowo mówione
    • b
    • Kod określający zawartość
    • spw
    • 2
    • Źródło (termin i kod)
    • rdacontent
337 -Typ mediów [ , ]
    • a
    • Tryb odtwarzania
    • Audio
    • b
    • Kod typu nośnika
    • s
    • 2
    • Źródło (termin i kod)
    • rdamedia
338 -Typ/rodzaj nośnika [ , ]
    • a
    • Hasło opisujące typ nośnika
    • Płyta audio
    • b
    • Kod typu nośnika
    • sd
    • 2
    • Źródło (termin i kod)
    • rdacarrier
490 -Strefa serii i książki wielotomowej - forma nie do wyszukiwania [1, ]
    • a
    • Tytuł (P)
    • Deustche Grammophon Literatur
830 -Hasło dodatkowe serii i opisu książki wielotomowej - tytuł ujednolicony/tytuł [ ,0]
    • a
    • Tytuł ujednolicony/tytuł (NP)
    • Deutsche Grammophon
518 -Uwaga dot. daty, czasu i miejsca zdarzenia [ , ]
    • a
    • Data/czas i miejsce zdarzenia
    • Nagrano w różnym czasie między 1957 a 1959 r.
655 -Hasło przedmiotowe - forma [ ,7]
    • a
    • Określenie rzeczowe
    • Poezja niemiecka
    • y
    • Określnik chronologiczny
    • 19 w.
655 -Hasło przedmiotowe - forma [ ,7]
    • a
    • Określenie rzeczowe
    • Poezja niemiecka
    • y
    • Określnik chronologiczny
    • 18 w.
700 -Hasło dodatkowe - nazwa osobowa [1, ]
    • a
    • Nazwa osobowa (NP)
    • Becker, Maria
    • d
    • Daty biograficzne (NP)
    • (1920- ).
    • e
    • Określenie rodzaju współpracy (NP)
    • Lekt.
700 -Hasło dodatkowe - nazwa osobowa [1, ]
    • a
    • Nazwa osobowa (NP)
    • Quadflieg, Will
    • d
    • Daty biograficzne (NP)
    • (1914-2003).
    • e
    • Określenie rodzaju współpracy (NP)
    • Lekt.
700 -Hasło dodatkowe - nazwa osobowa [1,2]
    • a
    • Nazwa osobowa (NP)
    • Goethe, Johann Wolfgang von
    • d
    • Daty biograficzne (NP)
    • (1749-1832).
    • t
    • Tytuł ujednolicony/tytuł (NP)
    • Gedichte
700 -Hasło dodatkowe - nazwa osobowa [1,2]
    • a
    • Nazwa osobowa (NP)
    • Goethe, Johann Wolfgang von
    • d
    • Daty biograficzne (NP)
    • (1749-1832).
    • t
    • Tytuł ujednolicony/tytuł (NP)
    • Buch Suleika
    • l
    • Język tekstu (NP)
    • (niem.)
Sygnatura Data wprowadzenia opisu Kod kreskowy Status udostępniania Akcesja Cena Sposób nabycia Data inwentaryzacji Kierowanie Numer inwentarzowy
Germ. Audiobooki 612022-02-042005020029923-322d102/610.00d2022-11-30BMAd.2992